Statistics for Capitals Closest to Malé

Click here to take the quiz!

General Stats

  • This quiz has been taken 28 times
  • The average score is 7 of 10

Answer Stats

Kilometres awayMiles awayCountry% Correct
2746km1706miDelhi
92%
2825km1755miDhaka
92%
2684km1667miMuscat
76%
766km475miColombo
72%
2226km1383miVictoria
68%
2894km1798miKathmandu
64%
2836km1762miNay Pyi Daw
64%
3098km1925miThimphu
64%
3041km1889miAbu Dhabi
60%
3124km1941miKuala Lumpur
44%

Score Distribution

Percentile by Number Answered

Percent of People with Each Score

Your Score History

You have not taken this quiz